Pod andaluským nebem /
Uloženo v:
| Hlavní autor: | |
|---|---|
| Další autoři: | |
| Médium: | Kniha |
| Jazyk: | Czech |
| Vydáno: |
Brno :
MOBA,
2026
|
| Vydání: | Vydání první |
| Témata: | |
| Celkem bylo vypůjčeno: | 1x |
| Tagy: |
Žádné tagy |
| LEADER | 01450nam a2200409 i 4500 | ||
|---|---|---|---|
| 001 | 106214 | ||
| 003 | CZ PrNK | ||
| 005 | 20260428153003.0 | ||
| 007 | ta | ||
| 008 | 260127s2026 xr g 000 f cze | ||
| 015 | |a cnb003737803 | ||
| 020 | |a 9788027924646 |q (vázáno) | ||
| 040 | |a OLA001 |b cze |e rda | ||
| 041 | 1 | |a cze |h eng | |
| 072 | 7 | |a 821.111-3 |x Anglická próza, anglicky psaná |2 Konspekt |9 25 | |
| 080 | |a 821.111-31 |2 MRF | ||
| 080 | |a (0:82-31)-055.2 |2 MRF | ||
| 100 | 1 | |a Thomas, Jo |7 xx0241378 |4 aut |9 110529 | |
| 240 | 1 | 0 | |a Retreat to the Spanish sun. |l Česky |
| 245 | 1 | 0 | |a Pod andaluským nebem / |c Jo Thomas ; překlad Marie Štefanidesová |
| 250 | |a Vydání první | ||
| 264 | 1 | |a Brno : |b MOBA, |c 2026 | |
| 300 | |a 272 stran ; |c 21 cm | ||
| 336 | |a text |b txt |2 rdacontent | ||
| 337 | |a bez média |b n |2 rdamedia | ||
| 338 | |a svazek |b nc |2 rdacarrier | ||
| 500 | |a Přeloženo z angličtiny | ||
| 655 | 7 | |a anglické romány |7 fd131814 |2 czenas |9 53421 | |
| 655 | 7 | |a romány pro ženy |7 fd187897 |2 czenas |9 115 | |
| 655 | 9 | |a English fiction |2 eczenas | |
| 655 | 9 | |a women's novels |2 eczenas | |
| 700 | 1 | |a Štefanidesová, Marie |7 jo20221157459 |4 trl |9 114136 | |
| 710 | 2 | |a Nakladatelství MOBA |7 ko2011627903 |4 pbl |9 117207 | |
| 910 | |a UOG502 | ||
| 942 | |2 ddc |c KN | ||
| 999 | |d 106214 | ||
| 993 | |0 0 |1 421180106940 |2 ddc |4 0 |7 0 |9 99557 |b 0 |c 106940 |d 2026-04-28 |e 1 |f DOSP |h 359.00 |i Koupě |l DOSP |q 2026-06-11 |r 2026-04-30 |s 2026-04-30 |t 6 |w 2026-04-28 |y KN |z BELET |n | ||